Tratado de estequiometría / (Record no. 183264)

MARC details
000 -LEADER
campo de control de longitud fija 00803nam a2200253 i 4500
001 - NÚMERO DE CONTROL
campo de control 183264
003 - IDENTIFICADOR DE NÚMERO DE CONTROL
campo de control ES-MaACL
005 - FECHA Y HORA DE LA ÚLTIMA TRANSACCIÓN
campo de control 20230906221841.0
007 - CAMPO FIJO DE DESCRIPCIÓN FÍSICA--INFORMACIÓN GENERAL
campo de control de longitud fija t|
008 - DATOS DE LONGITUD FIJA--INFORMACIÓN GENERAL
campo de control de longitud fija 140204s1943 sp r ||||1| spa d
080 ## - NÚMERO DE LA CLASIFICACIÓN DECIMAL UNIVERSAL
Número de la Clasificación Decimal Universal 54(076)
100 1# - ENTRADA PRINCIPAL--NOMBRE DE PERSONA
Nombre de persona Nylen, Paul.
9 (RLIN) 86264
245 10 - MENCIÓN DEL TÍTULO
Título Tratado de estequiometría /
Mención de responsabilidad, etc. P. Nylén y N. Wigren ; traducción española de Casimiro Busquets.
250 ## - MENCION DE EDICION
Mención de edición [1ª ed.].
260 ## - PUBLICACIÓN, DISTRIBUCIÓN, ETC.
Lugar de publicación, distribución, etc. Barcelona :
Nombre del editor, distribuidor, etc. Ars,
Fecha de publicación, distribución, etc. 1943.
300 ## - DESCRIPCIÓN FÍSICA
Extensión VIII, 248 p. ;
Dimensiones 18 cm.
490 1# - MENCIÓN DE SERIE
Mención de serie Monografías de química general y aplicada ;
Designación de volumen o secuencia 2
650 #4 - PUNTO DE ACCESO ADICIONAL DE MATERIA--TÉRMINO DE MATERIA
Término de materia o nombre geográfico como elemento de entrada Estequiometría.
9 (RLIN) 154363
700 1# - ENTRADA AGREGADA--NOMBRE PERSONAL
Nombre de persona Wigren, Nils.
9 (RLIN) 116796
700 1# - ENTRADA AGREGADA--NOMBRE PERSONAL
Nombre de persona Busquets, Casimiro.
9 (RLIN) 32836
830 0# - PUNTO DE ACCESO ADICIONAL DE SERIE-TÍTULO UNIFORME
Título uniforme Monografías de química general y aplicada ;
Designación de volumen o secuencia 2
9 (RLIN) 191894
852 ## - LOCALIZACIÓN
Ubicación ES-MaACL
Número de control de estantería E-3650
Holdings
Estatus retirado Estado de pérdida Estado de daño No para préstamo Biblioteca de origen Biblioteca actual Ubicación en estantería Fecha de adquisición Fuente de adquisición Total de préstamos Signatura topográfica completa Código de barras Visto por última vez Precio de reemplazo Tipo de ítem Koha
        Biblioteca del Ateneo de Madrid Biblioteca del Ateneo de Madrid Depósito 2 04/02/2014     E-3650 1192610 23/02/2023 23/02/2023 Libro impreso